| 000 | 01236nam a2200277 a 4500 | ||
|---|---|---|---|
| 001 | 66713 | ||
| 003 | BD-RjUL | ||
| 005 | 20211209081554.0 | ||
| 008 | 110622s2011 bg a b 101 0 eng d | ||
| 020 | _a9789843318534 | ||
| 035 | _a(BD-RjUL)66844 | ||
| 040 |
_aDLC _beng _cDLC _dBD-RjUL _erda |
||
| 041 | _aeng | ||
| 082 |
_223 _a631.5310954 _bQUA 2011 |
||
| 245 | 1 | 0 |
_aQuality seed in SAARC countries : _bproduction, processing, legal and quality control, and marketing system / _ceditors, Md. Nazmul Huda, Ibrahim Md. Saiyed. |
| 260 |
_aDhaka : _bSAARC Agriculture Centre, _cc2011. |
||
| 300 |
_aviii, 492 p. : _bill. ; _c25 cm |
||
| 504 | _aIncludes bibliographical references. | ||
| 520 | _aCompendium of the country papers presented at the Regional Workshop on "Quality Seed in SAARC Countries: Production, Processing, Legal and Quality Control, and Marketing System", held in New Delhi, India, in Dec. 16-18, 2009. | ||
| 650 | 0 |
_aSeeds _xQuality _zSouth Asia _vCongresses. _9197490 |
|
| 700 | 1 |
_aHuda, Md. Nazmul, _eeditor of compilation. _9197491 |
|
| 700 | 1 |
_aSaiyed, Ibrahim Md., _eeditor of compilation. _9197492 |
|
| 710 | 2 |
_aSAARC Agricultural Information Centre. _9116958 |
|
| 942 |
_2ddc _cBK |
||
| 999 |
_c66713 _d66713 |
||